LEADER 00626nam a2200181 i 4500 001 000000141345 003 CaOOAMICUS 005 20050714000000.0 008 050714n fr u000 u mul u 013 $a115760 040 $aSeMil$bita 100 1 $aLa Vaissière, Jules : de .$0(OLS)http://semarc/name/6570 245 10$a1. 300 $aXIX, 343 p. 773 0 $aLa Vaissière, Jules : de $tCursus philosophiae naturalis.$dParis : Beauchesne, 1912.$gTomus1$w()13895 850 $aSeMil 852 $aSeMil$W1$xVenegono$y1$m2R II 208$j94589$B94589$CSeMilBibl$Z2$F100345 $81 996 $6245$a1$9(OLS)http://semarc/title/6508 LEADER 01043nam a2200217 i 4500 001 000000179744 003 CaOOAMICUS 005 20250902121659.0 008 090522s1970 xxk u000 u mul u 040 $aSeMil$bita 245 10$aSupplement 2 :$bQuestions and answers on Exodus /$ctranslated from the ancient armenian version of the original greek by Ralph Marcus. 300 $aVIII, 306 p. 490 1 $aThe Loeb Classical Library ;$v401 700 1 $aMarcus, Ralph,$d<1900-1956>.$0(OLS)http://semarc/name/66598 773 0 $aPhilo : Alexandrinus $tPhilo.$dCambridge, Massachusetts : Harvard University Press ; London : Heinemann, 1968-1989.$gSupplement2$w()21322 830 4$aThe Loeb Classical Library ;$v401.$0(OLS)http://semarc/title/26868 850 $aSeMil 852 $aSeMil$W1$xVenegono$y1$m1Y III 9/12$j261254$B130504$CSeMilBibl$Z2$F141938 $81 961 $aOmaggio: Villa don Cesare 996 $6245$aSupplement 2 :$bQuestions and answers on Exodus$9(OLS)http://semarc/title/258078